[Event "Cap d'Agde Avenir op"]
[Site "Cap d'Agde"]
[Date "2008.10.29"]
[Round "6"]
[White "Hu, J."]
[Black "Camilleri, Marcel"]
[Result "1-0"]
[WhiteElo "1060"]
[BlackElo "1000"]
[PlyCount "25"]
[EventDate "2008.10.25"]
[EventType "swiss"]
[EventRounds "9"]
[EventCountry "FRA"]
[SourceTitle "EXT 2010"]
[Source "ChessBase"]
[SourceDate "2010.11.25"]
[SourceVersion "1"]
[SourceVersionDate "2010.11.25"]
[SourceQuality "1"]

1. e4 e5 2. Nf3 Nc6 3. d4 Nf6 4. Nc3 Bb4 5. Bd2 Bxc3 6. Bxc3 Nxe4 7. dxe5 d6 8. exd6 cxd6 9. Bc4 Bg4 10. h3 Bxf3 11. Qxf3 f5 12. Qxf5 g6 13. Qf7# 1-0